书目信息 |
| 题名: |
这样装修怎能不省钱
|
|
| 作者: | 王勇 , 王全成 编著 | |
| 分册: | ||
| 出版信息: | 北京 北京科学技术出版社 2007.05 |
|
| 页数: | 196页 | |
| 开本: | 24cm | |
| 丛书名: | ||
| 单 册: | ||
| 中图分类: | TU767 | |
| 科图分类: | ||
| 主题词: | 住宅--zhu zhai--室内装修--基本知识 | |
| 电子资源: | ||
| ISBN: | 978-7-5304-3527-4 | |
| 000 | 00854nam0 2200241 450 | |
| 001 | 012007690938 | |
| 005 | 20071228115316.98 | |
| 010 | @a978-7-5304-3527-4@dCNY28.00 | |
| 100 | @a20071228d2007 km y0chiy0120 ea | |
| 101 | 0 | @achi |
| 102 | @aCN@b110000 | |
| 105 | @ay z 000yy | |
| 106 | @ar | |
| 200 | 1 | @a这样装修怎能不省钱@Azhe yang zhuang xiu zen neng bu sheng qian@f王勇, 王全成编著@Fwang yong,wang quan cheng bian zhu |
| 210 | @a北京@c北京科学技术出版社@d2007.05 | |
| 215 | @a196页@d24cm | |
| 330 | @a本书主要内容包括确定设计方案,确定装修预算,寻找施工队(一),寻找施工队(二),寻找施工队(三),找监理,选购厨房电器等。 | |
| 606 | 0 | @a住宅@Azhu zhai@x室内装修@x基本知识 |
| 690 | @aTU767@v4 | |
| 701 | 0 | @a王勇@Awang yong@4编著 |
| 701 | 0 | @a王全成@Awang quan cheng@4编著 |
| 801 | 0 | @aCN@bQSSK@c20071228 |
| 905 | @b273824-26@dTU767@eW442@f3 | |
| 这样装修怎能不省钱/王勇, 王全成编著.-北京:北京科学技术出版社,2007.05 |
| 196页;24cm |
| ISBN 978-7-5304-3527-4:CNY28.00 |
| 本书主要内容包括确定设计方案,确定装修预算,寻找施工队(一),寻找施工队(二),寻找施工队(三),找监理,选购厨房电器等。 |
| ● |
| 相关链接 |
|
|
|
正题名:这样装修怎能不省钱
索取号:TU767/W442
 
预约/预借
| 序号 | 登录号 | 条形码 | 馆藏地/架位号 | 状态 | 备注 |
| 1 | 273824 | 202738243 | 建筑库201/201建筑库 46排3列4层/ [索取号:TU767/W442] | 在馆 | |
| 2 | 273825 | 202738252 | 建筑库201/201建筑库 46排3列4层/ [索取号:TU767/W442] | 在馆 | |
| 3 | 273826 | 202738261 | 建筑库201/201建筑库 46排3列4层/ [索取号:TU767/W442] | 在馆 |